| 000 | 00000nam##2200000za#4500 |
| 001 | 9.698975 |
| 003 | CaOODSP |
| 005 | 20210625000155 |
| 007 | cr ||||||||||| |
| 008 | 150407|2008||||xxc|||||o f|0| 0 eng|d |
| 040 | |aCaOODSP|beng |
| 043 | |an-cn--- |
| 086 | 1 |aCH6-22/2008E-PDF |
| 110 | 1 |aCanada. |bCanadian Heritage. |
| 245 | 10|aAudit of the Historical Recognition Program : |h[electronic resource]|bex-gratia payments / |c[issued by the] Office of the Chief Audit and Evaluation Executive, Audit and Assurance Services Directorate. |
| 260 | |aOttawa - Ontario : |bCanadian Heritage |cDecember 2008. |
| 300 | |a19p.|btables |
| 590 | |a14-06-Supp|b2014-03-21 |
| 775 | 08|tVérification du Programme de reconnaissance historique : |w(CaOODSP)9.642970 |
| 856 | 40|ahttp://publications.gc.ca|qPDF|s232 KB|uhttps://publications.gc.ca/collections/collection_2014/pc-ch/CH6-22-2008-eng.pdf |